1166 1507 1029 1037 1268 1152 1704 1173 1863 1693 1435 1213 1702 1588 1737 1777 1334 1598 1276 1463 1153 1370 1954 1751 1338 1237 1683 1643 1627 1866 1070 1266 1928 1769 1499 1747 1847 1509 1661 1616 1703 1773 1304 1770 1647 1295 1279 1121 1426 1409 1121 1577 1273 1769 1345 1934 1237 1433 1121 1472 1840 1485 1329 1324 1496 1679 1890 1587 1342 1097 1740 1736 1737 1519 1372 1627 1759 1329 1719 1842 1388 1833 1777 1441 1775 1807 1570 1492 1711 1165 1002 1295 1904 1848 1278 1838 1210 1944 1090 BCNSPRNW ULIB Ver.6.0+V

เปลี่ยนเป็นภาษาไทย

Change to English
 แสดงรายละเอียดบรรณานุกรม
  กลับหน้าหลัก

Brief Record : Get Marc (ISO 2709) : E-mail record : QR code < ปิดหน้าต่าง
LEADER : 00000nam 2200000uu 4500
001    13399123371
003     ULIB
008    140828s2546||||th 000 0 tha d
099    วจ WY105^bบ152ค
100 0  บรรจง พลไชย, สุรเชษฐ์ สมตัว และ สุพรรณี พูลผล
245 00 ความพึงพอใจของผู้ใช้บัณฑิตหลักสูตรพยาบาลศาสตรบัณฑิตและหลักสูตรพยาบาลศาสตร์บัณฑิต(ต่อเนื่อง) ที่สำเร็จกาีศึกษา ปีการศึกษา 2544 วิทยาลัยพยาบาลบรมราชชนนี นครพนม
260    นครพนม :^bวิทยาลัยพยาบาลบรมราชชนนี นครพนม,^c2544
300    79 หน้า
650  0 ความพึงพอใจผู้ใช้บัณฑิต
945    ^p0^l0^i015693
999    ^aเกษร โพธิ์สุวรรณ
รายการนี้ยังไม่มีแท็ก
คุณยังไม่ได้ล็อกอิน คุณสามารถมีกิจกรรมร่วมกับเว็บไซต์ได้ แต่ต้องล็อกอินก่อน ::
  ล็อกอิน

รายการสื่อสารสนเทศ

ลำดับที่ ประเภท เลขเรียก/บาร์โค้ด สถานที่ สถานะ
1. งานวิจัย
งานวิจัย
วจ WY105 บ152ค ฉ.1 
  Barcode: 015693
ห้องสมุดวิทยาเขตสวรรค์ประชารักษ์
►วิจัย
บนชั้น

BibComment


ยังไม่เคยถูกคอมเมนท์

คอมเมนท์ทรัพยากรรายการนี้
  คอมเมนท์: ความพึงพอใจของผู้..


 Copyright 2026. Bcnsprnw @Library